New Orleans Pelicans 2024-2025 Roster - Statistics

General Stats
  • This quiz has been taken 41 times
    12 since last reset
  • The average score is 9 of 15
Answer Stats
Jersey # Answer % Correct
1 Zion Williamson
100%
3 CJ McCollum
78%
00 Bruce Brown
67%
2 Herb Jones
67%
13 Kelly Olynyk
67%
25 Trey Murphy III
67%
21 Yves Missi
67%
5 Dejounte Murray
56%
24 Jordan Hawkins
56%
15 Jose Alvarado
56%
17 Karlo Matkovic
56%
12 Antonio Reeves
44%
11 Brandon Boston Jr
44%
50 Jeremiah Robinson-Earl
44%
8 Jamal Cain
33%
No matching quizzes found
Score Distribution
Percent of People with Each Score
Percentile by Number Answered
Your Score History
You have not taken this quiz since the last reset